|
|
|
|
| LEADER |
00000nab a2200000 a 4500 |
| 001 |
vtls000545943 |
| 003 |
SK-MaSNL |
| 005 |
20260303011929.0 |
| 008 |
150430c1995 xo 0 slo |
| 015 |
|
|
|a SNBRB19rr/mm-uuuuu
|
| 035 |
|
|
|a CL0546081
|
| 040 |
|
|
|a SNKBUCL
|b slo
|c SNKBUCL
|e AACR2
|
| 041 |
0 |
|
|a slo
|
| 044 |
|
|
|a xo
|c SK
|
| 080 |
|
|
|a 78.071.2:784.66
|2 1981
|
| 080 |
|
|
|a 784.66
|2 1981
|
| 100 |
1 |
|
|a Tušerová, Simona
|4 aut
|9 980551
|
| 245 |
1 |
0 |
|a Hex: zasnená kapela(?)
|b Rozprávanie o tom, ako znie štrnásť nových pesničiek
|c Simona Tušerová
|
| 300 |
|
|
|b Fotogr. 1
|
| 500 |
|
|
|a ISSN na dok.: 39-7451
|
| 610 |
2 |
7 |
|a Hex (hudobná skupina)
|2 snkbucl
|9 30323
|
| 655 |
|
7 |
|a články z novín a časopisov
|2 snkbucl
|9 267496
|
| 773 |
0 |
|
|t Eurotelevízia
|g Roč. 5, č. 12 (1995), s. 37
|x 0139-7451
|
| 850 |
|
|
|a Slovenská národná knižnica v Martine
|a MTA001
|
| 852 |
|
|
|a SNK
|b KIS3GCP
|
| 958 |
|
|
|a RK
|
| 958 |
|
|
|a SK
|
| 992 |
|
|
|a RBX
|
| 999 |
|
|
|c 1594742
|d 1596672
|